LEADER 03043nam 22005295 450 001 996418254403316 005 20200930134825.0 010 $a3-030-46287-0 024 7 $a10.1007/978-3-030-46287-1 035 $a(CKB)4100000011413814 035 $a(DE-He213)978-3-030-46287-1 035 $a(MiAaPQ)EBC6331628 035 $a(PPN)250222655 035 $a(EXLCZ)994100000011413814 100 $a20200901d2020 u| 0 101 0 $aeng 135 $aurnn|008mamaa 181 $ctxt$2rdacontent 182 $cc$2rdamedia 183 $acr$2rdacarrier 200 10$aCollineations and Conic Sections$b[electronic resource] $eAn Introduction to Projective Geometry in its History /$fby Christopher Baltus 205 $a1st ed. 2020. 210 1$aCham :$cSpringer International Publishing :$cImprint: Springer,$d2020. 215 $a1 online resource (XI, 187 p.) 311 $a3-030-46286-2 320 $aIncludes bibliographical references and index. 327 $aPreface -- 1. Introduction -- 2. Central Collineations -- 3. The Geometry of Euclid's Elements -- 4. Conics in Greek Geometry -- 5. Conic Sections in Early Modern Europe -- 6. Conic Sections in Early Modern Europe -- 7. Central Collineations -- 8. Nineteenth Century -- 9. Foci -- 10. Steiner. 11. Desargues and Involution -- 12. Looking Ahead -- 13. Matrices and Homogeneous Coordinates -- 14. Some Applications of Conics in History -- 15. Vertical Stretch and Isaac Newton's Conics -- 16. Three Appendices -- Bibliography. 330 $aThis volume combines an introduction to central collineations with an introduction to projective geometry, set in its historical context and aiming to provide the reader with a general history through the middle of the nineteenth century. Topics covered include but are not limited to: The Projective Plane and Central Collineations The Geometry of Euclid's Elements Conic Sections in Early Modern Europe Applications of Conics in History With rare exception, the only prior knowledge required is a background in high school geometry. As a proof-based treatment, this monograph will be of interest to those who enjoy logical thinking, and could also be used in a geometry course that emphasizes projective geometry. 606 $aProjective geometry 606 $aMathematics 606 $aHistory 606 $aProjective Geometry$3https://scigraph.springernature.com/ontologies/product-market-codes/M21050 606 $aHistory of Mathematical Sciences$3https://scigraph.springernature.com/ontologies/product-market-codes/M23009 615 0$aProjective geometry. 615 0$aMathematics. 615 0$aHistory. 615 14$aProjective Geometry. 615 24$aHistory of Mathematical Sciences. 676 $a516.5 700 $aBaltus$b Christopher$4aut$4http://id.loc.gov/vocabulary/relators/aut$0879371 801 0$bMiAaPQ 801 1$bMiAaPQ 801 2$bMiAaPQ 906 $aBOOK 912 $a996418254403316 996 $aCollineations and Conic Sections$91963628 997 $aUNISA LEADER 00883nam a22002533i 4500 001 991000585819707536 005 20040108110055.0 008 040220s1958 it |||||||||||||||||ita 035 $ab12640256-39ule_inst 035 $aARCHE-063860$9ExL 040 $aDip.to Scienze pedagogiche$bita$cA.t.i. Arché s.c.r.l. Pandora Sicilia s.r.l. 082 04$a253 100 1 $aMarcozzi, Vittorio$084451 245 10$aAscesi e psiche /$cVittorio Marcozzi 260 $aBrescia :$bMorcelliana,$c1958 300 $a263 p. ;$c22 cm 650 4$aAscetica 650 4$aDirezione spirituale 907 $a.b12640256$b02-04-14$c17-03-04 912 $a991000585819707536 945 $aLE022 MP 79 F 8$g1$i2022000159555$lle022$o-$pE0.00$q-$rl$s- $t0$u0$v0$w0$x0$y.i13143578$z17-03-04 996 $aAscesi e psiche$9162648 997 $aUNISALENTO 998 $ale022$b17-03-04$cm$da $e-$fita$git $h0$i1 LEADER 01215nas# 22002651i 450 001 UON00013486 005 20231205101943.794 100 $a20020107f1972 |0itac50 ba 101 $aita 102 $aIT 105 $a|||| 1|||| 110 $aaU||||||||| 200 1 $aAgenzia Oltremare$eAttualità dalla Cina Continentale 210 $aRoma$cAgenzia Giornalistica Oltremare v. ; 25 cm Periodicità sconosciuta 215 $aDescrizione basata su: anno XI n. 1(1972) 620 $aIT$dRoma$3UONL000004 686 $aIT$cItalia - Scambio$2A 686 $aDONO$cPERIODICI - DONO$2A 686 $aPERIODICI NON ATTIVI$cPERIODICI - NON ATTIVI$2A 801 $aIT$bSOL$c20250808$gRICA 899 $aSIBA - SISTEMA BIBLIOTECARIO DI ATENEO$2UONSI$46(1967) *26,29,33* 7(1968) *2,35* 9(1970) *18* 10(1971) *2,5,10,14* 11(1972) *1,4,8,9*$cA Per 22 S 1 (CORRIDOIO 6°PIANO) ; 912 $aUON00013486 950 $aSIBA - SISTEMA BIBLIOTECARIO DI ATENEO$bSI 6(1967) *26,29,33* 7(1968) *2,35* 9(1970) *18* 10(1971) *2,5,10,14* 11(1972) *1,4,8,9*$dSI A Per 22 1972 $eSI SA 77854 7 1972 996 $aAgenzia Oltremare$91321705 997 $aUNIOR